00428nam a2200169Ia 450000500170000000800410001702000160005804000190007404100120009308200170010510000170012224500570013926000230019630000130021965000150023285000110024720240416153221.0131103s9999 xx 000 0 und d a03 910162 2 aLoreto College aEnglish a370.15 bCHI aDennis Child aReadings in Psychology for the TeachercDennis Child aLondonbHoltc1981 axi,441p  aPsychology aLCBED